Trópico es político : (Record no. 4632)

MARC details
000 -LEADER
campo de control de longitud fija 00676nam a2200169 4500
005 - FECHA Y HORA DE LA ÚLTIMA TRANSACCIÓN
campo de control 20260410213308.0
008 - DATOS DE LONGITUD FIJA--INFORMACIÓN GENERAL
campo de control de longitud fija -
020 ## - NÚMERO INTERNACIONAL ESTÁNDAR DEL LIBRO
Número Internacional Estándar del Libro ISBN 978-1-879128-53-8
040 ## - FUENTE DE CATALOGACIÓN
Centro catalogador/agencia de origen Biblioteca LadoV Teorética
Centro/agencia transcriptor Biblioteca LadoV Teorética
082 04 - NÚMERO DE LA CLASIFICACIÓN DECIMAL DEWEY
Número de clasificación 700.413.553
Número de ítem A512t
100 1# - ENTRADA PRINCIPAL--NOMBRE DE PERSONA
Nombre de persona Americas Society Exhibitions
245 10 - MENCIÓN DEL TÍTULO
Título Trópico es político :
Resto del título arte caribeño bajo el régimen de la economía del visitante /
Mención de responsabilidad, etc. por Americans Society Exhibitions
260 #1 - PUBLICACIÓN, DISTRIBUCIÓN, ETC.
Lugar de publicación, distribución, etc. Estados Unidos :
Nombre del editor, distribuidor, etc. Americans Society Exhibitions & Museo de Arte Contemporáneo de Puerto Rico,
Fecha de publicación, distribución, etc. 2022
300 ## - DESCRIPCIÓN FÍSICA
Extensión 103 páginas :
Otras características físicas fotografías a color ;
Dimensiones 18.4 x 11.4 cm.
650 #4 - PUNTO DE ACCESO ADICIONAL DE MATERIA--TÉRMINO DE MATERIA
Término de materia o nombre geográfico como elemento de entrada ARTE CARIBEÑO
942 ## - ELEMENTOS DE ENTRADA SECUNDARIOS (KOHA)
Fuente del sistema de clasificación o colocación Clasificación Decimal Dewey
Tipo de ítem Koha Libros
Suprimir en OPAC No
Holdings
Estatus retirado Estado de pérdida Fuente del sistema de clasificación o colocación Estado de daño No para préstamo Biblioteca de origen Biblioteca actual Fecha de adquisición Total de préstamos Signatura topográfica completa Visto por última vez Precio de reemplazo Tipo de ítem Koha
    Clasificación Decimal Dewey     Biblioteca LadoV Biblioteca LadoV 10/04/2026   700.413.553 A512t 10/04/2026 10/04/2026 Libros